Представление документа в формате RUSMARC

ПолеНазваниеЗначение
  Тип записи a
  Библиографический уровень a
001 Контрольный номер RU/CBS_UL/BASE/d892e6aaf3bc492280deff6e221232b8
005 Дата корректировки 20250910165231.4
100 Данные общей обработки __
a Данные общей обработки 20250910 ||| 0rusy0189 ca
101 Язык документа 0_
a Язык текста rus
102 Страна публикации __
a Страна публикации RU
200 Заглавие и сведения об ответственности 1_
a Заглавие Генсек хорошего кино
e Сведения, относящиеся к заглавию [жизнь советского актёра и режиссёра Е. С. Матвеева]
f Первые сведения об ответственности М. Соболева
300 Общие примечания __
a Общие примечания 16+
461 Уровень набора _0
1 2000
a Тайны СССР
463 Уровень физической единицы _0
1 2000
a № 11
v С. 26-28 : фото
1 2101
d 2025
1 001RU/CBS_UL/BASE/3def7fe5c7e3441780323f955f83a01c
600 Персоналии _1
a Персоналии (Фамилия) Матвеев
b Персоналии (Имя, инициалы) Е. С.
606 Тематические рубрики 0_
a Основная рубрика Матвеев, Евгений Семёнович (1922-2003)
610 Ключевые слова 0_
a Ключевые слова актёры
610 Ключевые слова 0_
a Ключевые слова советские актёры
610 Ключевые слова 0_
a Ключевые слова актёры советские
610 Ключевые слова 0_
a Ключевые слова режиссёры
610 Ключевые слова 0_
a Ключевые слова советские режиссёры
610 Ключевые слова 0_
a Ключевые слова режиссёры советские
610 Ключевые слова 0_
a Ключевые слова кумиры советского кино
686 Индексы других классификаций __
2 Код системы rubbk
a Классификационный индекс 85.374.3(2)6
700 Автор _1
a Фамилия Соболева
b Имя (инициалы) М.
801 Источник записи _0
a Страна RU
b Организация МБУК ЦБС г. Ульяновска
c Дата составления 20250910
g Правила каталогизации RCR
801 Источник записи _1
a Страна RU
b Организация МБУК ЦБС г. Ульяновска
c Дата составления 20250910
g Правила каталогизации RCR
901 Тип документа __
t Тип документа b
w Контрольный № источника RU/CBS_UL/BASE/3def7fe5c7e3441780323f955f83a01c
909 Создатель записи __
a Создатель записи lib2